Mélanges théologiques, ou série d'articles sur les questions les plus interesantes de la théologie morale ...

Detalles Bibliográficos
Formato: Libro
Publicado: Lieja 1853
Materias:
Colección:Banco de datos
Acervo:Biblioteca Nacional de Antropología e Historia. Fondo Conventual
Tema general:Teología
Notas:Buena. VI,6,11
LEADER 00654nam a22001810004500
035 |a 11498 
036 |a 6103 
245 1 0 |a Mélanges théologiques, ou série d'articles sur les questions les plus interesantes de la théologie morale ... 
260 |a Lieja  |b J.G. Lardinois  |c 1853 
500 |a Buena. VI,6,11 
650 1 0 |a Teología 
949 |a B.N.A.H. 
959 |a Biblioteca Nacional de Antropología e Historia. Ciudad de México  |b CCC1 
960 |a Seminario de Morelia  |b DD56 
961 |a Casa de formación del Clero Secular  |b CS 
942 |c B.N.A.H. 
943 |g Biblioteca Nacional de Antropología e Historia. Fondo Conventual 
999 |c 1036030  |d 1036030